ბათუმის შოთა რუსთაველის სახელმწიფო უნივერსიტეტის ბიბლიოთეკა

Brilliant job hunting. (ბიბ.ჩანაწერი № 51458)

000 -LEADER
fixed length control field 00683nam a2200253Ia 4500
001 - CONTROL NUMBER
control field 18444
003 - CONTROL NUMBER IDENTIFIER
control field GE_BSU
008 - FIXED-LENGTH DATA ELEMENTS--GENERAL INFORMATION
fixed length control field 181216s||||||||xx |||||||||||||| ||und||
020 ## - INTERNATIONAL STANDARD BOOK NUMBER
International Standard Book Number 9780273743972
040 ## - CATALOGING SOURCE
Transcribing agency GE_BSU
080 ## - UNIVERSAL DECIMAL CLASSIFICATION NUMBER
Universal Decimal Classification number 331
100 ## - MAIN ENTRY--PERSONAL NAME
Personal name Fagan,Angela
245 ## - TITLE STATEMENT
Title Brilliant job hunting.
245 ## - TITLE STATEMENT
Remainder of title Your complete guide to getting the job you want
250 ## - EDITION STATEMENT
Edition statement Third Edition
260 ## - PUBLICATION, DISTRIBUTION, ETC.
Place of publication, distribution, etc. Harlow
260 ## - PUBLICATION, DISTRIBUTION, ETC.
Name of publisher, distributor, etc. Pearson
260 ## - PUBLICATION, DISTRIBUTION, ETC.
Date of publication, distribution, etc. 2011
300 ## - PHYSICAL DESCRIPTION
Extent 251p. 22cm.
653 ## - INDEX TERM--UNCONTROLLED
Uncontrolled term Brilliant job hunting.
653 ## - INDEX TERM--UNCONTROLLED
Uncontrolled term Your complete guide to getting the job you want
653 ## - INDEX TERM--UNCONTROLLED
Uncontrolled term შრომა. დასაქმება. სამუშაო.
942 ## - ADDED ENTRY ELEMENTS (KOHA)
Koha item type წიგნი
ეგზემპლარები
Withdrawn status Lost status Damaged status Not for loan Date acquired Barcode Date last seen Price effective from Koha item type
        2018-12-17 47275 2018-12-17 2018-12-17 წიგნი